1718 1616 1557 1236 1295 1010 1360 1914 1742 1509 1754 1707 1544 1871 1881 1579 1137 1939 1612 1523 1844 1819 1892 1608 1774 1464 1402 1473 1696 1021 1217 1174 1797 1047 1289 1315 1102 1338 1867 1628 1063 1167 1262 1411 1985 1534 1034 1555 1822 1239 1172 1244 1689 1269 1528 1195 1990 1057 1002 1208 1903 1189 1450 1768 1347 1383 1561 1795 1209 1804 1962 1328 1361 1201 1855 1351 1151 1694 1284 1874 1468 1150 1884 1278 1009 1830 1080 1922 1544 1806 1533 1155 1697 1286 1310 1612 1415 1807 1708 BCNSPRNW ULIB Ver.6.0+V

เปลี่ยนเป็นภาษาไทย

Change to English
 แสดงรายละเอียดบรรณานุกรม
  กลับหน้าหลัก

Brief Record : Get Marc (ISO 2709) : E-mail record : QR code < ปิดหน้าต่าง
LEADER : 00000nam 2200000uu 4500
001    13399113799
003     ULIB
008    120105s2549||||th 000 0 tha d
020    ^a9789749869635
050 04 ^aA^bน624W 2549
100 0  ^aนิภาพัชร์ ปิ่นสุวรรณ
245 10 ^aWhere? รู้รอบสถานที่มหัศจรรย์ของโลก /^cนิภาพัชร์ ปิ่นสุวรรณ
250    ^aพิมพ์ครั้งที่ 1
260    ^aกรุงเทพฯ :^bอักษรเจริญทัศน์,^c2549
300    ^a191 หน้า :^bภาพประกอบ
440  0 ^aหนังสือเสริมการเรียนรู้ ชุด สรรพ์สาระของโลก
650  7 ^aโลก^xภูมิประเทศและการท่องเที่ยว
650  7 ^aความรู้ทั่วไป
945    ^p170^l0^i24860
995    ^aกัณชพร
999    ^aใช้งานได้ทุกระบบ
รายการนี้ยังไม่มีแท็ก
คุณยังไม่ได้ล็อกอิน คุณสามารถมีกิจกรรมร่วมกับเว็บไซต์ได้ แต่ต้องล็อกอินก่อน ::
  ล็อกอิน

รายการสื่อสารสนเทศ

ลำดับที่ ประเภท เลขเรียก/บาร์โค้ด สถานที่ สถานะ
- ไม่พบข้อมูล -

รายการใกล้เคียง
    ผู้แต่ง [นิภาพัชร์ ปิ่นสุวรรณ]

    หัวเรื่อง [ความรู้ทั่วไป]

BibComment


ยังไม่เคยถูกคอมเมนท์

คอมเมนท์ทรัพยากรรายการนี้
  คอมเมนท์: Where รู้รอบสถาน..


 Copyright 2026. Bcnsprnw @Library